Les meilleurs passeurs en Champions League entre 2000 et 2010 - Statistiques

Statistiques générales
  • Ce quiz a été pris 49 fois
  • Le résultat moyen est 6 sur 10
Statistiques - réponses
Classement Nationalité Nombre de passes décisives Joueurs % Correct
1 Pays de Galles 28 passes décisives Ryan Giggs
98%
2 Portugal 27 passes décisives Luis Figo
80%
5 Espagne 19 passes décisives Xavi
75%
7 Angleterre 18 passes décisives Frank Lampard
68%
4 Angleterre 19 passes décisives David Beckham
64%
6 Portugal 18 passes décisives Deco
64%
10 Brésil 16 passes décisives Kakà
61%
9 Pays-Bas 17 passes décisives Clarence Seedorf
34%
3 Brésil 20 passes décisives Juninho
32%
8 France 17 passes décisives Florent Malouda
18%
Aucun quiz correspondant
Distribution des résultats
% des personnes avec chaque résultat
Percentile par nombre de réponses
Votre historique - résultats
Vous n’avez pas pris ce quiz